000 00595nam a2200241Ia 4500
003 OSt
005 20220924133314.0
006 a|||||r|||| 00| 0
007 ta
008 220923b |||||||| |||| 00| 0 ben d
024 _a264088
037 _cTextual
040 _aARTS
_cARTS
_bben
041 _2ben
_aben
082 _aO157:1M61:9, H6.2
100 _aBandopadhyay
_9196155
245 0 _aRavi - rashmi
260 _c1946
490 _vPart 2
650 _aBENGALI LITERATURE
942 _hO157:1M61:9, H6.2
_cTEXL
_2CC
999 _c433366
_d433366